|
|
|
|
| LEADER |
00000cam a2200000 ca4500 |
| 001 |
667316728 |
| 003 |
DE-627 |
| 005 |
20240811195245.0 |
| 007 |
tu |
| 008 |
110829m20049999gw ||||| 00| ||ger c |
| 035 |
|
|
|a (DE-627)667316728
|
| 035 |
|
|
|a (DE-576)9667316726
|
| 035 |
|
|
|a (DE-599)GBV667316728
|
| 040 |
|
|
|a DE-627
|b ger
|c DE-627
|e rakwb
|
| 041 |
|
|
|a ger
|
| 044 |
|
|
|c XA-DE
|
| 084 |
|
|
|a 1
|2 ssgn
|
| 084 |
|
|
|a BC 7720
|2 rvk
|0 (DE-625)rvk/9690:
|
| 084 |
|
|
|a 11.38
|2 bkl
|
| 100 |
1 |
|
|0 (DE-588)115412700
|0 (DE-627)244083088
|0 (DE-576)165158042
|4 aut
|a Kratz, Reinhard Gregor
|d 1957-
|
| 109 |
|
|
|a Kratz, Reinhard Gregor 1957-
|a Kratz, R. G. 1957-
|a Kratz, Reinhard G. 1957-
|a Kratz, Reinhard 1957-
|
| 243 |
1 |
0 |
|a Sammlung
|
| 245 |
1 |
0 |
|a Kleine Schriften
|c Reinhard Gregor Kratz
|
| 264 |
|
1 |
|a Tübingen
|b Mohr Siebeck
|c 2004-
|
| 336 |
|
|
|a Text
|b txt
|2 rdacontent
|
| 337 |
|
|
|a ohne Hilfsmittel zu benutzen
|b n
|2 rdamedia
|
| 338 |
|
|
|a Band
|b nc
|2 rdacarrier
|
| 490 |
0 |
|
|a Forschungen zum Alten Testament
|v ...
|
| 601 |
|
|
|a Schrift
|
| 936 |
r |
v |
|a BC 7720
|b Teilsammlungen nur zum AT
|k Theologie und Religionswissenschaften
|k Bibelwissenschaft
|k Biblische Theologie
|k Sammelwerke
|k Teilsammlungen (Aufsätze eines Autors)
|k Teilsammlungen nur zum AT
|0 (DE-627)1270713280
|0 (DE-625)rvk/9690:
|0 (DE-576)200713280
|
| 936 |
b |
k |
|a 11.38
|j Altes Testament
|0 (DE-627)10640427X
|
| 951 |
|
|
|a MC
|
| BIB |
|
|
|a 1
|
| ELC |
|
|
|b 1
|
| ORI |
|
|
|a SA-MARC-ixtheo_oa001.raw
|
| REL |
|
|
|a 1
|c 1
|
| SPR |
|
|
|a 1
|t BIB
|t IXT
|t REL
|
| SUB |
|
|
|a BIB
|